Paroles - Dracula, l'amour plus fort que la mort - Qui peut le juger - Statistiques

Statistiques générales
  • Ce quiz a été pris 33 fois
    32 depuis la dernière actualisation
  • Le résultat moyen est 186 sur 256
Statistiques - réponses
Paroles % Correct
a
100%
à
100%
amour
100%
juger
100%
la
100%
le
100%
peut
100%
Qui
100%
vie
100%
aimer
92%
Jusqu’à
92%
92%
sa
92%
tout
92%
Tout
92%
de
85%
et
85%
Et
85%
il
85%
Il
85%
oublier
85%
son
85%
donner
77%
abandonner
69%
Au
69%
du
69%
Je
69%
Lui
69%
lui
69%
me
69%
mort
69%
par
69%
Pour
69%
pour
69%
elle
62%
éternité,
62%
Même
62%
sang
62%
ses
62%
vaincu
62%
dans
54%
Dans
54%
destin
54%
les
54%
on
54%
sacrifié
54%
temps
54%
tuer
54%
Un
54%
un
54%
bien
46%
est
46%
fort
46%
jour
46%
Mais
46%
maudit
46%
Moi
46%
monde
46%
prix
46%
rien,
46%
sont
46%
vit
46%
Vos
46%
vos
46%
chemins
38%
douleur
38%
fureur
38%
mourir
38%
réglées
38%
sait
38%
sans
38%
s’éteint
38%
trop
38%
vies
38%
yeux
38%
éphémères
31%
lumière
31%
rêves
31%
S’il
31%
taire
31%
toujours
31%
Tous
31%
tracés
31%
veux
31%
vous
31%
C’est
23%
entrera
23%
j’oublierai
23%
jours
23%
l’ombre
23%
nuits
23%
passion
23%
plaire
23%
souffrir
23%
traversez
23%
Aucun quiz correspondant
Distribution des résultats
% des personnes avec chaque résultat
Percentile par nombre de réponses
Votre historique - résultats
Vous n’avez pas pris ce quiz depuis la dernière actualisation